| 000 | 00439cam a2200181ua 4500 | ||
|---|---|---|---|
| 001 | 4231 | ||
| 008 | 111221n ii |||gr||||Z||||||asm | ||
| 040 | _cMAIN | ||
| 082 | _a891.4513 | ||
| 100 | 1 | _aSaikia, Bhabendra Nath, | |
| 245 | 1 | 1 |
_aProhori _cby Bhabendra Nath Saikia |
| 250 | _a1st. | ||
| 260 |
_aGuwahati: _bLayers book stall,963. |
||
| 300 |
_a186p: _c23cm. |
||
| 653 | _aAssamese short stories | ||
| 653 | _aProhori | ||
| 942 | _cBK | ||
| 999 |
_c4052 _d4052 |
||